Supernatural Season 1 Quiz - Statistics

General Stats
  • This quiz has been taken 342 times
    321 since last reset
  • The average score is 9 of 29
Answer Stats
Hint Answer % Correct
Who was Sam's girlfriend? Jessica Moore
92%
What were the monsters Sam and Dean faced in episode two? Wendigos
76%
Where did Sam go to college? Stanford
75%
Which of the brothers responds to an old lovers call for help in "Route 666"? Dean
66%
What is Dean scared of in "Phantom Traveler"? Flying
63%
When did Mary Winchester die? November 2, 1983
58%
Who shares a reunion with Sam and Dean in "Shadow"? John
49%
Where does Bloody Mary appear in "Bloody Mary"? Mirrors
48%
What gun do a group of vampires steal in "Dead Man's Blood"? The Colt
47%
Sam and Dean use the monakers Agent Ford and Agent Hamill in "Dead in the Water". What popular film franchise is this a reference to? Star Wars
41%
What power does Max have in "Nightmare"? Telekinesis
34%
Finish the quote: "Dad's on a hunting trip ________________". And he hasn't been home in a few days
32%
"Faith" was the first episode to feature supernatural being? Reaper
32%
Finish the quote: "Driver chooses the music, ____________" Shotgun shuts his cakehole
32%
What monster is featured in "Skin"? Shapeshifters
27%
What does Dean say to the scarecrow in "Scarecrow"? Dude, you fugly.
26%
What happens to the Winchesters at the end of "Devil's Trap"? They get in a car crash.
20%
What song was played at the beginning of "Salvation"? Carry On My Wayward Son
17%
What is the connection between killings in "Provenance"? A painting
15%
The seventh episode is the only time the spotlight on Baby was used. What is that episode called? Hook Man
14%
Who is the psychic in Sam and Dean's hometown in "Home"? Missouri Mosely
14%
What kind of establishment is the setting for episode ten? An asylum
13%
Finish the quote: "When I told Dad I was scared of the thing in my closet ___________" He gave me a .45
13%
What do the boys face in "Something Wicked", bringing back painful memories for Dean? A Witch
5%
Finish the quote: "Boy, you put that foot on my coffee table, ________________" I'm gonna whack you with a spoon
3%
What is the name of the ghost the boys hunt in "Hell House? Mordecai
3%
What do Benders do to their victims in "The Benders"? Pulls them under cars
2%
Finish the quote: " You and Dad are a lot more alike then I thought, you know that? You both can't wait to sacrifice yourself for this thing, but you know what _________________" I'm gonna be the one to bury you
1%
What is Sam and Dean told twice in "Bugs"? We accept homeowners of any race, religion, color, or sexual orientation.
1%
No matching quizzes found
Score Distribution
Percent of People with Each Score
Percentile by Number Answered
Your Score History
You have not taken this quiz since the last reset